| 000 | 00803nam a2200229Ia 4500 | ||
|---|---|---|---|
| 003 | GCL | ||
| 008 | 140319s9999 xx 000 0 ara d | ||
| 020 | _a3304785085 | ||
| 040 |
_aGCL / _cGCL |
||
| 082 | 0 | 4 |
_a210.951 _bج ا |
| 100 | 1 | _aجيا، مى شو جيانغ ويو | |
| 245 | 1 | 0 |
_aالاسلام فى الصين / _cجيا، مى شو جيانغ ويو |
| 700 | 1 | _aهو، وانغ ماو | |
| 260 |
_aالصين : _bدار ووتشو للنشر |
||
| 300 |
_a176 ص ؛ _c16 سم |
||
| 650 | 0 | 4 | _aالاسلام - الصين |
| 650 | 0 | 4 | _aانتشار الاسلام - الصين |
| 650 | 0 | 4 | _aالاسلام - تاريخ - الصين |
| 650 | 0 | 4 | _aالاسلام والاصلاح الدينى - الصين |
| 650 | 0 | 4 | _aالمذاهب الاسلامية - الصين |
| 942 |
_2ddc _cBK |
||
| 999 |
_c9036 _d9036 |
||